| 000 | 01059nam a2200277 i 4500 | ||
|---|---|---|---|
| 001 | 16561 | ||
| 003 | ES-MaACL | ||
| 005 | 20230906151342.0 | ||
| 007 | t| | ||
| 008 | 001017s1999 sp ||||0| spa | ||
| 020 | _a84-00-07852-7 | ||
| 080 | _a338.45(729.1)"17/18":664.1 | ||
| 080 | _a323.396(729.1)"17/18" | ||
| 080 | _a972.91"17/18" | ||
| 100 | 1 |
_aGonzález-Ripoll Navarro, María Dolores. _958912 |
|
| 245 | 1 | 0 |
_aCuba, la isla de los ensayos : _bcultura y sociedad (1790-1815) / _cMª Dolores González-Ripoll Navarro. |
| 260 |
_aMadrid : _bConsejo Superior de Investigaciones Científicas, Departamento de Historia de América, _c1999. |
||
| 300 |
_a259 p., [16] p. de lám. : _bgráf. ; _c25 cm. |
||
| 490 | 1 |
_aTierra nueva e cielo nuevo ; _v38 |
|
| 650 | 4 |
_aIndustria azucarera- _zCuba. _9141523 |
|
| 650 |
_aÉlites- _zCuba- _vHistoria. _9172958 |
||
| 710 | 2 |
_aConsejo Superior de Investigaciones Científicas (España) _93236 |
|
| 830 | 1 |
_aTierra nueva e cielo nuevo ; _v38 _9177608 |
|
| 852 |
_aES-MaACL _jL-23886 |
||
| 999 |
_c16561 _d16561 |
||